| 000 | 01328nam a2200337 c 4500 | ||
|---|---|---|---|
| 003 | BLK | ||
| 005 | 20180422101621.0 | ||
| 008 | 180408b bul|||||r ||||||| ||bul|| | ||
| 010 | _aKNG00055891000 | ||
| 020 |
_a954-323-002-1 _bиздат.: Авангард прима |
||
| 040 | _aBLK | ||
| 041 |
_aBUL _cBUL |
||
| 080 |
_aБългарска литература _b821.163.2 _x-193.3 _z821.163.2-193.3 |
||
| 700 | 1 |
_aПрангов, Любен Георгиев _e* _9284133 |
|
| 100 | 1 |
_aЛюбенов, Любен _eпърви автор _gПрангов, Любен Георгиев _9363992 |
|
| 139 |
_aПрангов, Любен Георгиев _bП 84 |
||
| 245 | 1 | 0 |
_aБахчисарайски сонети _c* Любен Георгиев Прангов; Любен Любенов. |
| 250 | _a2. доп. изд. | ||
| 257 | _aBGR | ||
| 260 |
_аСофия _bАвангард прима _c2004 _fСофия : Док. център Авангард |
||
| 300 |
_a31 с. _bс ил., 2 л. : цв. ил. _c18 см |
||
| 380 | _aX | ||
| 500 | _a1. изд. 2003 на изд. БПС. - Офс. изд. | ||
| 653 | _aсонети | ||
| 653 | _aстихотворения | ||
| 852 | _aЦб І 31734 | ||
| 856 | 4 |
_qpdf _u |
|
| 856 | 4 |
_qpdf _u |
|
| 942 |
_cKNG _n0 |
||
| 944 |
_aCR _c12.10.2005 _kГеновева_Генчева |
||
| 944 |
_aED _c31.10.2005 _k |
||
| 999 |
_c51976 _d51976 |
||